000
00319nam a22001457a 4500
003
SGT
082
_a
820,MUR
100
_a
MURPHY,RAYMOND
245
_a
INTERMEDIATE ENGALISH GRAMMAR
250
_a
2ND
260
_a
NEW DELHI
_b
SOUTH ASIA
_c
2015
300
_a
350
650
_a
ENGALISH GRAMMAR
942
_2
ddc
_c
BK
_0
17
999
_c
10342
_d
10342